000 00209 a2200097 4500
001 8515
100 _aJones,G.
245 _aYouth,family & citizenship
260 _a
_bOpen Unviersity
_c
090 _c6847
_d6847
942 _aNUST-CAE
_cM
_c33430
999 _c243588
_d243588